ロード中...
Science And The World's Religions: Origins and Destinies
This Volume addresses questions about the origins and purpose of the cosmos and human civilization.
| その他の著者: | |
|---|---|
| フォーマット: | Printed Book |
| 出版事項: |
England:
PRAEGER,
2012
|
| シリーズ: | Brain, Behavior and Evolution
|
| 主題: |
| LEADER | 00816nam a22001937a 4500 | ||
|---|---|---|---|
| 999 | |c 292283 |d 292283 | ||
| 020 | |a 978-0-313-38732-6 | ||
| 082 | |a 201.65 | ||
| 245 | |a Science And The World's Religions: |b Origins and Destinies | ||
| 260 | |a England: |b PRAEGER, |c 2012 | ||
| 300 | |a xxxviii,288p. : | ||
| 490 | |a Brain, Behavior and Evolution | ||
| 500 | |a the Author is Associate Professor of Neurology and Psychiatry. | ||
| 504 | |a Includes Bibliographical reference and Index. | ||
| 520 | |a This Volume addresses questions about the origins and purpose of the cosmos and human civilization. | ||
| 650 | |a Religion and Science | ||
| 700 | |a McNamara, Patrick and Wildman, Wesley J. | ||
| 942 | |c BK | ||
| 952 | |0 0 |1 0 |4 0 |6 201_650000000000000_MCN_1 |7 0 |9 311019 |a LIN |b LIN |d 2020-06-17 |l 0 |o 201.65 MCN.1 |p LIN10456 |r 2020-06-17 |w 2020-06-17 |y BK | ||